| 000 | 02474nam a22003857a 4500 | ||
|---|---|---|---|
| 001 | 100128 | ||
| 003 | KnowledgeUnlatched | ||
| 005 | 20210303105310.0 | ||
| 006 | m o d | ||
| 007 | cr u|||||||||| | ||
| 008 | 210129p20152018xxk o u00| u eng d | ||
| 035 | _a(OCoLC)951710171 | ||
| 037 | _5BiblioBoard | ||
| 245 | 0 | 0 |
_aHumanitarian Intervention in the Long Nineteenth Century _bSetting the Precedent / _cAlexis Heraclides, Ada Dialla. |
| 020 | _a9780719098598 | ||
| 029 | 1 | _ahttps://library.biblioboard.com/ext/api/media/d118750f-d9a4-4c0c-9f7a-83483606a1cf/assets/thumbnail.jpg | |
| 040 |
_aScCtBLL _cScCtBLL |
||
| 100 | 1 |
_aHeraclides, Alexis _eauthor. |
|
| 506 | 0 |
_aAccess copy available to the general public. _fUnrestricted _2star |
|
| 700 | 1 |
_aDialla, Ada _eauthor. |
|
| 264 | 1 | _bManchester University Press, | |
| 300 | _a1 online resource (272 p.) | ||
| 520 | _aThis book is a comprehensive presentation of humanitarian intervention in theory and practice during the course of the nineteenth century. Through four case studies, it sheds new light on the international law debate and the political theory on intervention, linking them to ongoing issues, and paying particular attention to the lesser known Russian dimension.The book begins by tracing the genealogy of the idea of humanitarian intervention to the Renaissance, evaluating the Eurocentric gaze of the civilisation-barbarity dichotomy, and elucidates the international legal arguments of both advocates and opponents of intervention, as well as the views of major political theorists. It then goes on to examine four cases as humanitarian interventions: the Greek War of Independence (1821-31), the Lebanon and Syria (1860-61), the Bulgarian atrocities (1876-78), and the U.S. intervention in Cuba (1895-98). | ||
| 588 | 0 | _aDescription based on print version record. | |
| 590 | _aKU Select 2016 Backlist Collection | ||
| 650 | 7 |
_aHistory _2bisacsh |
|
| 650 | 7 |
_aSocial Science / Philanthropy & Charity _2bisacsh |
|
| 650 | 0 | _aHistory | |
| 655 | 0 | _aElectronic books. | |
| 758 |
_iIs found in: _aKnowledge Unlatched _1https://openresearchlibrary.org/module/2774bc74-146a-484f-a7ba-ab1d6a09bbfb |
||
| 856 | 4 | 0 |
_uhttps://openresearchlibrary.org/content/d118750f-d9a4-4c0c-9f7a-83483606a1cf _zView this content on Open Research Library. _70 |
| 999 |
_c24762 _d24762 |
||